000 00770nam a2200241 a 4500
001 000025267
005 20200930023654.0
008 110211s1976 sp ac r 000 0 spa d
020 _a8423953114
040 _aDO-SdBNP
_bspa
_cBNPHU
082 _aNNN
_bM9391R, 1976
100 1 _aRémy, Yves
_951773
245 1 0 _aMozart /
_cYves Rémy, Ada Rémy ; traducción del francés por Felipe Ximénez de Sandoval.
250 _a2a ed.
260 _aMadrid :
_bEspasa-Calpe,
_c1976.
300 _a131 p. :
_bil., retrs. ;
_c18 cm.
490 1 _aClásicos de la música
500 _aIncluye notas al pie de las páginas
700 1 _aRémy, Ada
_951774
700 1 _aXiménez de Sandoval, Felipe
_etr.
_919335
830 0 _aClásicos de la música
_933880
049 _aBNGR
999 _c24760
_d24760